Est-ce que ce schtroumpf existe ? - Statistiques

Statistiques générales
  • Ce quiz a été pris 117 fois
  • Le résultat moyen est 6 sur 15
Answers on the Grid
Answers color-coded by a green-red scale on the quiz's grid according to % correct below.
La Schtroumpfante
Le Schtroumpf bêta
Le Schtroumpf bricoleur
Le Schtroumpf inventeur
Le Schtroumpf volant
Le Schtroumpf banquier
La jeune Schtroumpf
L'Apprenti Schtroumpf
Le Schtroumpf fort
Le Schtroumpf à lunettes
Le Schtroumpf mangeur
Le Schtroumpf trompettiste
Le Schtroumpf médecin
Le Schtroumpf funambule
Le Grand Schtroumpf
Le Schtroumpf chanteur
Schtroumpf le héros
Le Schtroumpf frisson
Le Schtroumpf météo
Le Schtroumpf costaud
Le Schtroumpf mystérieux
Le Cosmoschtroumpf
Le Schtroumpf paresseux
Le Schtroumpf cartographe
Le Schtroumpf reporter
Le Schtroumpf grognon
Le Schtroumpf horloger
Le Schtroumpf sauvage
Le Schtroumpf libraire
Le Schtroumpf farceur
 
Statistiques - réponses
Réponse % Correct
Le Grand Schtroumpf
72%
Le Schtroumpf costaud
70%
Le Schtroumpf à lunettes
66%
Le Schtroumpf farceur
66%
Le Schtroumpf bricoleur
64%
Le Schtroumpf grognon
62%
Le Schtroumpf paresseux
58%
Le Schtroumpf bêta
36%
L'Apprenti Schtroumpf
33%
Le Cosmoschtroumpf
32%
Le Schtroumpf sauvage
26%
Le Schtroumpf volant
24%
Le Schtroumpf médecin
16%
Le Schtroumpf reporter
14%
Schtroumpf le héros
7%
Aucun quiz correspondant
Distribution des résultats
% des personnes avec chaque résultat
Percentile par nombre de réponses
Votre historique - résultats
Vous n’avez pas pris ce quiz